000 00699nam a2200217Ii 4500
003 JO-AjNU
008 230605s9999||||xx |||||||||||||| ||und||
017 _a2001/10892
020 _a977-0107278-2
040 _aJO-AjNU
_bara
_erda
_cJO-AjNU
041 _aara
050 1 4 _aN7425.8.A7C6412 1998
100 3 _aكولنجوود ، روبين جورج تأليف /محمود، احمد مترجم,
_eauthor
_915656
245 0 0 _a مبادئ الفن
264 3 1 _aمصر: الهيئه المصرية العامة للكتاب،1998
300 _a267ص
336 _atext
_btxt
_2rdacontent
337 _aunmediated
_bn
_2rdamedia
338 _avolume
_bnc
_2rdacarrier
650 4 _aالفن
_915657
999 _aA4471
_c8039
_d8039